000 01397cad a2200349 4500
001 WS158363
008 000000n2014 000 0 eng u
035 _a(Sirsi) u158363
041 0 _aeng
110 _aUnited Kingdom
_bDepartment for Communities and Local Government
_94939
245 _aNational Planning Policy Framework
520 _aWebsite for the revised National Planning Policy Framework was published on 24 July 2018 which sets out the government?s planning policies for England and how these are expected to be applied. This revised Framework replaces the previous National Planning Policy Framework published in March 2012.
650 _aNATIONAL PLANNING POLICY
650 _aCOMMUNITY INFRASTRUCTURE LEVY
650 _aAIR QUALITY
650 _aCLIMATE CHANGE
650 _aCROWN DEVELOPMENT
650 _aLOCAL PLAN
650 _aRENEWABLE ENERGY
650 _aPLANNING APPLICATIONS
650 _aSTRATEGIC ENVIRONMENTAL ASSESSMENT
650 _aLand use
_96251
650 _aGOVERNMENT
650 _aMINERALS
650 _aRURAL HOUSING
650 _aPLANNING POLICY GUIDANCE NOTES
650 _aWASTE
650 2 4 _aWATER SUPPLY
690 _aPlanning and development
_96259
856 4 0 _uhttps://www.gov.uk/government/publications/national-planning-policy-framework--2
_zView the website free of charge at http://www.government.uk
942 _n0
999 _c121019
_d121019